000 00777nam a2200241Ia 4500
003 OSt
005 20210212164911.0
008 191128s2002 sp ao gr 000 0 spa d
020 _a8480555688
040 _aCO-JMCR
_cCO-JMCR
041 0 _aspa
082 0 4 _a745.5 /
_bZ12p
_223
100 1 _aZabala Conejero, Miriam,
_eautor
_913416
245 1 0 _aPaso a paso :
_bmanualidades para niños /
_cMiriam Zabala Conejero
260 _aMadrid :
_bCultural,
_c2002
300 _a3 volúmenes :
_bfotografías a color ;
_c29 cm.
300 _b
505 1 _gv.2.
_aLa lana -- Fieltro/tela -- El modelado -- Técnicas naturales
650 1 4 _aTrabajos manuales (Educación)
_913417
650 1 4 _aTrabajos en papel
_913418
650 1 4 _aArte decorativo
_913419
942 _2ddc
_cBK
999 _c3965
_d3965